Konstruktív pedagógia - egy új paradigma a láthatáron (I.)

Elmentve itt :
Bibliográfiai részletek
Szerző: Nahalka István
Dokumentumtípus: Cikk
Megjelent: 1997
Sorozat:Iskolakultúra 7 No. 2
Online Access:http://misc.bibl.u-szeged.hu/40922
LEADER 00582nab a2200169 i 4500
001 misc40922
005 20191106141024.0
008 180709s1997 hu o 0|| zxx d
022 |a 1215-5233 
040 |a SZTE Miscellanea Repozitórium  |b hun 
041 |a zxx 
100 1 |a Nahalka István 
245 1 0 |a Konstruktív pedagógia - egy új paradigma a láthatáron (I.)  |h [elektronikus dokumentum] /  |c  Nahalka István 
260 |c 1997 
300 |a 21-33 
490 0 |a Iskolakultúra  |v 7 No. 2 
856 4 0 |u http://misc.bibl.u-szeged.hu/40922/1/18_EPA00011_iskolakultura_1997-2.pdf  |z Dokumentum-elérés